000 00272nam a2200109Ia 4500
001 1263947
005 20260417141929.0
008 260417s9999 xx 000 0 und d
020 _a9786255929426
245 0 _aPut Yapımevleri
_cNuri Pakdil
260 _bKetebe Yayınları
999 _c1263947
_d1263947